000 00210 a2200097 4500
001 46824
100 _aMiddlebrook M
245 _aThe Nuremberg paid
260 _aLondon
_bAllen lane
_c
090 _c29914
_d29914
942 _aNUST-CAE
_cM
_c22129
999 _c281897
_d281897